The Constitutional law digest. (Record no. 10838)
[ view plain ]
| 000 -LEADER | |
|---|---|
| fixed length control field | 01937cam a22004092 4500 |
| 001 - CONTROL NUMBER | |
| control field | 0000005752 |
| 005 - DATE AND TIME OF LATEST TRANSACTION | |
| control field | 20151217154353.0 |
| 008 - FIXED-LENGTH DATA ELEMENTS--GENERAL INFORMATION | |
| fixed length control field | 070716s xx 000 0 eng d |
| 020 ## - INTERNATIONAL STANDARD BOOK NUMBER | |
| International Standard Book Number | 9966703454 : |
| Terms of availability | KES 800 |
| 040 ## - CATALOGING SOURCE | |
| Original cataloging agency | KABU |
| Transcribing agency | KABU |
| 050 #0 - LIBRARY OF CONGRESS CALL NUMBER | |
| Classification number | KQC524 |
| Item number | .A45C66 |
| 245 14 - TITLE STATEMENT | |
| Title | The Constitutional law digest. |
| 260 ## - PUBLICATION, DISTRIBUTION, ETC. (IMPRINT) | |
| Place of publication, distribution, etc. | Nairobi : |
| Name of publisher, distributor, etc. | LawAfrica, |
| Date of publication, distribution, etc. | 2005. |
| 300 ## - PHYSICAL DESCRIPTION | |
| Extent | xliii, 271 p. |
| 650 #0 - SUBJECT ADDED ENTRY--TOPICAL TERM | |
| Topical term or geographic name as entry element | Constitutional law |
| Geographic subdivision | Africa, East. |
| -- | 0000153408 |
| 852 1# - LOCATION | |
| -- | p900 KES |
| 852 1# - LOCATION | |
| -- | p900 KES |
| 852 1# - LOCATION | |
| -- | p900 KES |
| 852 1# - LOCATION | |
| -- | p900 KES |
| 852 1# - LOCATION | |
| -- | p900 KES |
| 852 1# - LOCATION | |
| -- | p900 KES |
| 852 1# - LOCATION | |
| -- | p900 KES |
| 852 1# - LOCATION | |
| -- | p900 KES |
| 852 1# - LOCATION | |
| -- | p900 KES |
| 852 1# - LOCATION | |
| -- | p900 KES |
| 852 1# - LOCATION | |
| -- | p900 KES |
| 852 1# - LOCATION | |
| -- | p900 KES |
| 852 1# - LOCATION | |
| -- | p900 KES |
| 852 1# - LOCATION | |
| -- | p900 KES |
| 852 1# - LOCATION | |
| -- | p900 KES |
| 852 1# - LOCATION | |
| -- | p900 KES |
| 852 1# - LOCATION | |
| -- | p900 KES |
| 852 1# - LOCATION | |
| -- | p900 KES |
| 852 1# - LOCATION | |
| -- | p900 KES |
| 908 ## - PUT COMMAND PARAMETER (RLIN) | |
| Put command parameter | 070716 |
| 950 ## - LOCAL HOLDINGS (RLIN) | |
| -- | 1 |
| Withdrawn status | Lost status | Source of classification or shelving scheme | Not for loan | Home library | Current library | Date acquired | Total Checkouts | Full call number | Barcode | Date last seen | Price effective from | Koha item type | Date last checked out | Total Renewals |
|---|---|---|---|---|---|---|---|---|---|---|---|---|---|---|
| Library of Congress Classification | Kabarak, Main Campus | Kabarak, Main Campus | 17/12/2015 | KQC524 .A45C66 2005 c. 2 | 018527 | 17/12/2015 | 17/12/2015 | General Collection | ||||||
| Library of Congress Classification | Kabarak, Main Campus | Kabarak, Main Campus | 17/12/2015 | 1 | KQC524 .A45C66 2005 c. 3 | 018519 | 10/12/2024 | 17/12/2015 | General Collection | 31/10/2024 | ||||
| Library of Congress Classification | Kabarak, Main Campus | Kabarak, Main Campus | 17/12/2015 | KQC524 .A45C66 2005 c. 4 | 018525 | 17/12/2015 | 17/12/2015 | General Collection | ||||||
| Library of Congress Classification | Kabarak, Main Campus | Kabarak, Main Campus | 17/12/2015 | 1 | KQC524 .A45C66 2005 c. 5 | 018516 | 29/06/2016 | 17/12/2015 | General Collection | 07/06/2016 | ||||
| Library of Congress Classification | Kabarak, Main Campus | Kabarak, Main Campus | 17/12/2015 | KQC524 .A45C66 2005 c. 6 | 018524 | 17/12/2015 | 17/12/2015 | General Collection | ||||||
| Library of Congress Classification | Kabarak, Main Campus | Kabarak, Main Campus | 17/12/2015 | 2 | KQC524 .A45C66 2005 c. 7 | 018528 | 27/09/2019 | 17/12/2015 | General Collection | 27/09/2019 | ||||
| Library of Congress Classification | Kabarak, Main Campus | Kabarak, Main Campus | 17/12/2015 | 1 | KQC524 .A45C66 2005 c. 8 | 018531 | 25/06/2016 | 17/12/2015 | General Collection | 02/06/2016 | ||||
| Library of Congress Classification | Kabarak, Main Campus | Kabarak, Main Campus | 17/12/2015 | 1 | KQC524 .A45C66 2005 c. 9 | 018532 | 28/06/2019 | 17/12/2015 | General Collection | 27/06/2019 | ||||
| Library of Congress Classification | Kabarak, Main Campus | Kabarak, Main Campus | 17/12/2015 | KQC524 .A45C66 2005 c. 11 | 018515 | 17/12/2015 | 17/12/2015 | General Collection | ||||||
| Library of Congress Classification | Kabarak, Main Campus | Kabarak, Main Campus | 17/12/2015 | 3 | KQC524 .A45C66 2005 c. 12 | 018518 | 24/05/2024 | 17/12/2015 | General Collection | 21/05/2024 | ||||
| Library of Congress Classification | Kabarak, Main Campus | Kabarak, Main Campus | 17/12/2015 | KQC524 .A45C66 2005 c. 14 | 018523 | 17/12/2015 | 17/12/2015 | General Collection | ||||||
| Library of Congress Classification | Kabarak, Main Campus | Kabarak, Main Campus | 17/12/2015 | 2 | KQC524 .A45C66 2005 c. 15 | 018534 | 09/10/2023 | 17/12/2015 | General Collection | 29/09/2023 | ||||
| Library of Congress Classification | Kabarak, Main Campus | Kabarak, Main Campus | 17/12/2015 | 1 | KQC524 .A45C66 2005 c. 16 | 018529 | 23/06/2017 | 17/12/2015 | General Collection | 16/06/2017 | ||||
| Library of Congress Classification | Kabarak, Main Campus | Kabarak, Main Campus | 17/12/2015 | 1 | KQC524 .A45C66 2005 c. 17 | 018530 | 18/08/2016 | 17/12/2015 | General Collection | 06/08/2016 | ||||
| Library of Congress Classification | Kabarak, Main Campus | Kabarak, Main Campus | 17/12/2015 | 1 | KQC524 .A45C66 2005 c. 19 | 018517 | 26/11/2024 | 17/12/2015 | General Collection | 05/11/2024 | ||||
| Library of Congress Classification | Kabarak, Main Campus | Kabarak, Main Campus | 17/12/2015 | KQC524 .A45C66 2005 c. 20 | 018520 | 17/12/2015 | 17/12/2015 | General Collection | ||||||
| Library of Congress Classification | Kabarak, Main Campus | Kabarak, Main Campus | 17/12/2015 | 2 | KQC524 .A45C66 2005 c. 21 | 018521 | 01/07/2019 | 17/12/2015 | General Collection | 27/06/2019 | ||||
| Library of Congress Classification | Kabarak, Main Campus | Kabarak, Main Campus | 17/12/2015 | KQC524 .A45C66 2005 c. 18 | 018533 | 17/12/2015 | 17/12/2015 | General Collection | ||||||
| Library of Congress Classification | Kabarak, Main Campus | Kabarak, Main Campus | 17/12/2015 | 4 | KQC524 .A45C66 2005 c. 13 | 018522 | 24/05/2024 | 17/12/2015 | General Collection | 21/05/2024 | ||||
| Library of Congress Classification | Kabarak, Main Campus | Kabarak, Main Campus | 17/12/2015 | 1 | KQC524 .A45C66 2005 c. 10 | 018526 | 13/10/2025 | 17/12/2015 | General Collection | 09/10/2025 | ||||
| Library of Congress Classification | Kabarak, Main Campus | Kabarak, Main Campus | 17/12/2015 | 2 | KQC524 .A45C66 2005 c. 1 | 003792 | 08/07/2019 | 17/12/2015 | Africana Collection | 03/07/2019 | 1 |